[Event "PRVA LIGA CENTRALNE SRBIJE 2014"]
[Site "Kraljevo"]
[Date "2014.09.14"]
[Round "3.1"]
[White "Ilic, Zoran S"]
[Black "Manic, Jovica"]
[Result "1/2-1/2"]
[WhiteElo "2289"]
[BlackElo "2254"]
[PlyCount "22"]
[EventDate "2014.09.13"]

1. Nf3 Nf6 2. d4 e6 3. c4 Bb4+ 4. Bd2 a5 5. g3 O-O 6. Bg2 Ne4 7. O-O Bxd2 8.
Nbxd2 Nxd2 9. Qxd2 d5 10. Rfe1 c6 11. Qf4 Qe7 1/2-1/2

[Event "PRVA LIGA CENTRALNE SRBIJE 2014"]
[Site "Kraljevo"]
[Date "2014.09.14"]
[Round "3.1"]
[White "Todorovic, Bojan"]
[Black "Mitrovic, Darko R"]
[Result "0-1"]
[WhiteElo "2344"]
[BlackElo "2263"]
[PlyCount "76"]
[EventDate "2014.09.13"]

1. d4 Nf6 2. Nf3 e6 3. c4 b6 4. g3 Bb7 5. Bg2 Bb4+ 6. Nbd2 O-O 7. O-O Bxd2 8.
Bxd2 Be4 9. b4 d6 10. Qb3 Nbd7 11. Rfd1 Qe7 12. Bc3 c6 13. Rac1 Rfc8 14. Bb2 b5
15. Nd2 Bxg2 16. Kxg2 d5 17. c5 a5 18. a3 e5 19. dxe5 Nxe5 20. Qe3 Re8 21. Bxe5
Ng4 22. Qc3 Qxe5 23. Qxe5 Nxe5 24. e4 axb4 25. axb4 Nd3 26. Rb1 dxe4 27. Nxe4
Nf4+ 28. Kf3 Nd5 29. Rxd5 cxd5 30. Nd6 Ra3+ 31. Kg2 Re2 32. c6 Rc2 33. Nxb5
Raa2 34. Nd4 Rxf2+ 35. Kh3 Rxh2+ 36. Kg4 Rhd2 37. Nf3 Rdb2 38. c7 Rc2 0-1

[Event "PRVA LIGA CENTRALNE SRBIJE 2014"]
[Site "Kraljevo"]
[Date "2014.09.14"]
[Round "3.2"]
[White "Parligras, Mircea-Emilian"]
[Black "Atalik, Suat"]
[Result "1-0"]
[WhiteElo "2578"]
[BlackElo "2549"]
[PlyCount "79"]
[EventDate "2014.09.13"]

1. d4 Nf6 2. c4 e6 3. Nf3 b6 4. g3 Bb4+ 5. Bd2 a5 6. Bg2 Bb7 7. O-O O-O 8. Bg5
Be7 9. Qd3 c5 10. Nc3 cxd4 11. Nxd4 Bxg2 12. Kxg2 Nc6 13. b3 Ne5 14. Qd2 h6 15.
Bf4 Ng6 16. Ndb5 Nxf4+ 17. Qxf4 Rc8 18. Rfd1 Rc6 19. Rd3 Qa8 20. Kg1 Rc5 21. e4
g5 22. Qf3 Qb8 23. Rad1 Qe5 24. Nd6 Rc6 25. Ncb5 g4 26. Qe3 Nh7 27. h4 gxh3 28.
Qxh6 Ng5 29. Kh2 Nxe4 30. Nxe4 Qxe4 31. Qxh3 Bc5 32. Rd4 Bxd4 33. Rxd4 Qg6 34.
Rg4 Rc5 35. Qh4 Rf5 36. Kg2 Kg7 37. Rxg6+ fxg6 38. Qd4+ e5 39. Qxd7+ R8f7 40.
Qd2 1-0

[Event "PRVA LIGA CENTRALNE SRBIJE 2014"]
[Site "Kraljevo"]
[Date "2014.09.14"]
[Round "3.2"]
[White "Nenezic, Marko"]
[Black "Perunovic, Miodrag"]
[Result "1-0"]
[WhiteElo "2424"]
[BlackElo "2415"]
[PlyCount "91"]
[EventDate "2014.09.13"]

1. Nf3 Nf6 2. c4 Nc6 3. d4 e6 4. a3 g6 5. Nc3 Bg7 6. e4 d6 7. Bd3 O-O 8. O-O
Re8 9. Be3 Ng4 10. Bg5 f6 11. Bd2 Nh6 12. d5 Ne7 13. Qb3 e5 14. c5 Nf7 15. cxd6
cxd6 16. Rfc1 a6 17. Be3 Bg4 18. Nd2 Qb8 19. a4 Bh6 20. Bxh6 Nxh6 21. Nc4 Nc8
22. a5 Bd7 23. Qb4 Nf7 24. Bc2 Qa7 25. Ba4 Bxa4 26. Nxa4 Qd4 27. Re1 Re7 28.
Rad1 Qa7 29. Rc1 Qd4 30. Rcd1 Qa7 31. Re3 Rb8 32. Rc3 Rc7 33. Ncb6 Rxc3 34.
Qxc3 Nxb6 35. Nxb6 Kg7 36. Qc7 Re8 37. Rc1 Qb8 38. f3 f5 39. Kf2 fxe4 40. fxe4
Qxc7 41. Rxc7 Rf8 42. Ke3 Kh6 43. Rxb7 Kg5 44. b4 Nh6 45. h3 Rf1 46. b5 1-0

[Event "PRVA LIGA CENTRALNE SRBIJE 2014"]
[Site "Kraljevo"]
[Date "2014.09.14"]
[Round "3.2"]
[White "Radovanovic, Dusan"]
[Black "Marinkovic, Ivan"]
[Result "1/2-1/2"]
[WhiteElo "2394"]
[BlackElo "2448"]
[PlyCount "114"]
[EventDate "2014.09.13"]

1. d4 Nf6 2. Bg5 c5 3. d5 Ne4 4. Bf4 Qb6 5. Bc1 g6 6. f3 Nf6 7. e4 d6 8. Nc3
Bg7 9. a4 O-O 10. a5 Qd8 11. Bc4 Na6 12. Nge2 Nc7 13. O-O e6 14. Nf4 e5 15. Nd3
Nh5 16. b4 b6 17. axb6 axb6 18. Rxa8 Nxa8 19. Bb5 Nc7 20. Bc6 Nf4 21. b5 f5 22.
Nb2 fxe4 23. Nxe4 Bf5 24. Re1 Bxe4 25. Rxe4 Ne8 26. Bxe8 Qxe8 27. Bxf4 Rxf4 28.
Nc4 Qxb5 29. Nxd6 Qd7 30. Rxf4 exf4 31. Ne4 Qa4 32. h3 h6 33. Kh2 Qd4 34. Qb1
Qxd5 35. Qxb6 g5 36. Qxc5 Qxc5 37. Nxc5 Kf7 38. h4 Kg6 39. hxg5 hxg5 40. Ne4
Kf5 41. Kh3 g4+ 42. Kh4 gxf3 43. gxf3 Bd4 44. Kh3 Ke5 45. Kg4 Be3 46. c4 Kd4
47. c5 Kd5 48. Kf5 Bc1 49. Nf2 Be3 50. Nd3 Bd2 51. Kf6 Ba5 52. Kf5 Bd2 53. Nf2
Be3 54. Ne4 Bc1 55. Kf6 Ba3 56. Ke7 Kd4 57. Kd6 Bxc5+ 1/2-1/2

[Event "PRVA LIGA CENTRALNE SRBIJE 2014"]
[Site "Kraljevo"]
[Date "2014.09.14"]
[Round "3.2"]
[White "Pavlovic, Dejan S"]
[Black "Marcetic, Nikola"]
[Result "0-1"]
[WhiteElo "2407"]
[BlackElo "2389"]
[PlyCount "68"]
[EventDate "2014.09.13"]

1. d4 d5 2. c4 c6 3. Nf3 Nf6 4. e3 Bg4 5. Qb3 Qb6 6. Nc3 e6 7. Nh4 Be7 8. h3
Bh5 9. g4 Bg6 10. Nxg6 hxg6 11. Bg2 Nbd7 12. g5 Ng8 13. e4 dxc4 14. Qxc4 e5 15.
d5 Bc5 16. dxc6 Qxc6 17. Qe2 Ne7 18. O-O Nf8 19. Nd5 Ne6 20. b4 Bd4 21. Rb1 Qd7
22. Bd2 Rh5 23. Rfc1 Nxd5 24. exd5 Nxg5 25. Rb3 Nxh3+ 26. Kf1 Nxf2 27. Rc4 Bb6
28. Be3 Nh3 29. Bxb6 axb6 30. Rxh3 Rxh3 31. Qxe5+ Kd8 32. Qxg7 Qf5+ 33. Kg1
Qb1+ 34. Bf1 Rh1+ 0-1

[Event "PRVA LIGA CENTRALNE SRBIJE 2014"]
[Site "Kraljevo"]
[Date "2014.09.14"]
[Round "3.2"]
[White "Radivojevic, Ivan"]
[Black "Djokic, Nenad"]
[Result "1/2-1/2"]
[WhiteElo "2365"]
[BlackElo "2329"]
[PlyCount "25"]
[EventDate "2014.09.13"]

1. e4 c5 2. Nf3 e6 3. d4 cxd4 4. Nxd4 a6 5. Nc3 Qc7 6. g3 Bb4 7. Nde2 Nf6 8.
Bg2 Be7 9. O-O O-O 10. h3 Nc6 11. Be3 d6 12. g4 Re8 13. f4 1/2-1/2

[Event "PRVA LIGA CENTRALNE SRBIJE 2014"]
[Site "Kraljevo"]
[Date "2014.09.14"]
[Round "3.2"]
[White "Simonovic, Aleksandar"]
[Black "Zivkovic, Ivan B"]
[Result "1/2-1/2"]
[WhiteElo "2364"]
[BlackElo "2325"]
[PlyCount "33"]
[EventDate "2014.09.13"]

1. d4 Nf6 2. c4 g6 3. Nc3 Bg7 4. e4 d6 5. f3 c6 6. Be3 a6 7. Bd3 O-O 8. Nge2 b5
9. O-O Nbd7 10. Kh1 e5 11. d5 bxc4 12. Bxc4 Nb6 13. Bxb6 Qxb6 14. dxc6 Qxc6 15.
Bd5 Nxd5 16. Nxd5 Qb7 17. Rc1 1/2-1/2

[Event "PRVA LIGA CENTRALNE SRBIJE 2014"]
[Site "Kraljevo"]
[Date "2014.09.14"]
[Round "3.3"]
[White "Jovanovic, Dusan D"]
[Black "Stankovic, Milos"]
[Result "1/2-1/2"]
[WhiteElo "2401"]
[BlackElo "2415"]
[PlyCount "32"]
[EventDate "2014.09.13"]

1. Nf3 d5 2. b3 Nf6 3. Bb2 c6 4. g3 Bf5 5. Bg2 Nbd7 6. c4 e6 7. O-O Bd6 8. d3
Qe7 9. cxd5 exd5 10. Nc3 O-O 11. Re1 Rfe8 12. e4 dxe4 13. dxe4 Bg4 14. Qc2 Rad8
15. h3 Bxf3 16. Bxf3 Ne5 1/2-1/2

[Event "PRVA LIGA CENTRALNE SRBIJE 2014"]
[Site "Kraljevo"]
[Date "2014.09.14"]
[Round "3.3"]
[White "Nestorovic, Dejan"]
[Black "Stojanovic, Dobrisav"]
[Result "1-0"]
[WhiteElo "2425"]
[BlackElo "2367"]
[PlyCount "127"]
[EventDate "2014.09.13"]

1. d4 d5 2. c4 c6 3. Nf3 Nf6 4. Nc3 Bf5 5. cxd5 Nxd5 6. e3 e6 7. Bc4 Nd7 8. O-O
Bd6 9. Qe2 Nxc3 10. bxc3 e5 11. e4 Bg4 12. h3 Bxf3 13. Qxf3 Qe7 14. a4 O-O 15.
Rb1 b6 16. Re1 exd4 17. cxd4 c5 18. Bd5 Rad8 19. Bb2 cxd4 20. Bxd4 Be5 21. Be3
Nf6 22. Bg5 h6 23. Bxf6 Qxf6 24. Qxf6 Bxf6 25. Rec1 Rd7 26. Rc6 Bd4 27. Rd1 Bc5
28. g3 Rfd8 29. Kg2 Kf8 30. Rd3 Rd6 31. Rxd6 Rxd6 32. f4 Ke7 33. e5 Rd7 34. Kf3
Rc7 35. Ke4 Bb4 36. Rb3 Be1 37. h4 Rc3 38. Rxc3 Bxc3 39. h5 Be1 40. g4 Bd2 41.
Kf5 Bc1 42. g5 Bd2 43. Bf3 Be3 44. g6 fxg6+ 45. hxg6 Bd2 46. Be2 Bc1 47. Ke4
Bd2 48. f5 Bc3 49. Kd5 Bb2 50. Bh5 Kf8 51. Ke6 Bc3 52. f6 a6 53. Be2 b5 54.
Bxb5 axb5 55. axb5 Bd4 56. fxg7+ Kxg7 57. Kd6 Kxg6 58. e6 Kf6 59. e7 Bc5+ 60.
Kxc5 Kxe7 61. Kc6 Kd8 62. Kb7 h5 63. b6 h4 64. Ka7 1-0

[Event "PRVA LIGA CENTRALNE SRBIJE 2014"]
[Site "Kraljevo"]
[Date "2014.09.14"]
[Round "3.3"]
[White "Milenkovic, Mladen"]
[Black "Ilic, Dragan M"]
[Result "1/2-1/2"]
[WhiteElo "2329"]
[BlackElo "2365"]
[PlyCount "140"]
[EventDate "2014.09.13"]

1. e4 e6 2. d4 d5 3. e5 c5 4. c3 Ne7 5. Nf3 Nec6 6. a3 a5 7. Bd3 Nd7 8. O-O a4
9. Re1 Be7 10. Be3 c4 11. Bc2 Nb6 12. Nbd2 Kd7 13. Nf1 Kc7 14. N3d2 Bd7 15. f4
h5 16. Nf3 Qf8 17. Bf2 Na5 18. Bh4 Nb3 19. Bxe7 Qxe7 20. Rb1 g6 21. Ne3 Bc6 22.
Qe2 Nc8 23. g3 Nb6 24. h3 Nd7 25. Kf2 Nb6 26. Rh1 Nc8 27. Rbg1 Na7 28. Bb1 Nb5
29. Nc2 Kb6 30. Nb4 Raf8 31. g4 hxg4 32. hxg4 Nc7 33. Qe1 Rxh1 34. Rxh1 f5 35.
Ng5 Qe8 36. Ke3 Rh8 37. Rh4 Qg8 38. Qh1 Rxh4 39. Qxh4 Bd7 40. Bc2 Be8 41. Nh7
Qg7 42. Nf6 Bb5 43. Bd1 Nc1 44. Bf3 Ka7 45. g5 Be8 46. Qh6 Qf7 47. Qh8 Kb6 48.
Nxe8 Nxe8 49. Qh1 Nb3 50. Nc2 Na5 51. Ne1 Nc6 52. Ng2 Ne7 53. Ne1 Ka5 54. Nc2
Kb5 55. Nb4 Ka5 56. Qh2 Kb5 57. Kf2 Ka5 58. Kg3 Kb5 59. Nc2 Ka5 60. Ne3 b5 61.
Qh8 Kb6 62. Ng2 Kc7 63. Nh4 Kd7 64. Qh6 Kd8 65. Ng2 Kd7 66. Ne3 Kc7 67. Qh8 Kd7
68. Ng2 Kd8 69. Qh6 Kd7 70. Nh4 Kd8 1/2-1/2

[Event "PRVA LIGA CENTRALNE SRBIJE 2014"]
[Site "Kraljevo"]
[Date "2014.09.14"]
[Round "3.3"]
[White "Peric, Slavisa"]
[Black "Dudukovic, Nikola"]
[Result "1/2-1/2"]
[WhiteElo "2180"]
[BlackElo "2341"]
[PlyCount "40"]
[EventDate "2014.09.13"]

1. d4 Nf6 2. Nf3 c5 3. d5 e6 4. Nc3 b5 5. dxe6 fxe6 6. Nxb5 d5 7. c4 Be7 8. Bf4
O-O 9. e3 Nc6 10. Bd3 a6 11. Nc3 d4 12. Ne4 e5 13. Nxe5 Nxe5 14. Bxe5 Ng4 15.
Bg3 dxe3 16. O-O exf2+ 17. Nxf2 Ne3 18. Qe2 Nxf1 19. Qh5 Nxg3 20. Qxh7+ Kf7
1/2-1/2

[Event "PRVA LIGA CENTRALNE SRBIJE 2014"]
[Site "Kraljevo"]
[Date "2014.09.14"]
[Round "3.3"]
[White "Organdziev, Oliver"]
[Black "Zivkovic, Vladislav"]
[Result "1-0"]
[WhiteElo "2302"]
[BlackElo "2201"]
[PlyCount "55"]
[EventDate "2014.09.13"]

1. e4 c6 2. d4 d5 3. e5 Bf5 4. Nf3 e6 5. Be2 c5 6. c4 dxc4 7. Nc3 Bd3 8. Bxd3
cxd3 9. Qxd3 Nc6 10. Be3 cxd4 11. Bxd4 Nxd4 12. Nxd4 a6 13. O-O-O Qc7 14. Nc2
Nh6 15. h3 Be7 16. f4 Rd8 17. Qe4 O-O 18. g4 Rxd1+ 19. Rxd1 Rd8 20. Rxd8+ Bxd8
21. Nd4 g6 22. Kc2 Be7 23. a3 Bf8 24. b4 Qc4 25. Qd3 Qc7 26. Kb3 b5 27. Ne4 Kh8
28. Nf6 1-0

[Event "PRVA LIGA CENTRALNE SRBIJE 2014"]
[Site "Kraljevo"]
[Date "2014.09.14"]
[Round "3.4"]
[White "Marjanovic, Slavoljub"]
[Black "Pancevski, Filip"]
[Result "0-1"]
[WhiteElo "2473"]
[BlackElo "2469"]
[PlyCount "112"]
[EventDate "2014.09.13"]

1. e4 d6 2. d4 Nf6 3. Nc3 Nbd7 4. Nf3 e5 5. Bc4 Be7 6. O-O O-O 7. a4 a6 8. Re1
b6 9. b3 Bb7 10. Bb2 c6 11. Bd3 g6 12. h3 Re8 13. Qd2 Bf8 14. Rad1 Qc7 15. Ba3
Rad8 16. dxe5 dxe5 17. Bxf8 Nxf8 18. Qg5 N6d7 19. Ne2 Ne6 20. Qe3 b5 21. axb5
cxb5 22. c4 b4 23. Bc2 Ndc5 24. Ng3 f6 25. h4 Rxd1 26. Rxd1 Rd8 27. Rxd8+ Qxd8
28. Ne2 a5 29. Kf1 Kg7 30. Ke1 Bc6 31. h5 Qd7 32. hxg6 hxg6 33. g4 a4 34. g5
axb3 35. gxf6+ Kxf6 36. Bb1 Qa7 37. Nd2 Qa1 38. f3 g5 39. Qg1 Nd4 40. Qh1 Nce6
41. Ng3 Qc3 42. Ngf1 Kg7 43. Qh5 Qc1+ 44. Kf2 Qd1 45. Qg4 Kg6 46. Kg1 b2 47.
Qh3 Kg7 48. Kh1 Nf4 49. Qg4 Nfe6 50. Qg3 Kf6 51. Qh3 Qe2 52. Qh8+ Kg6 53. Qh2
Nf4 54. Qxe2 Nfxe2 55. Ne3 Nc3 56. Bd3 Nxf3 0-1

[Event "PRVA LIGA CENTRALNE SRBIJE 2014"]
[Site "Kraljevo"]
[Date "2014.09.14"]
[Round "3.4"]
[White "Maksimovic, Branimir"]
[Black "Mladenovic, Stefan"]
[Result "1-0"]
[WhiteElo "2384"]
[BlackElo "2336"]
[PlyCount "77"]
[EventDate "2014.09.13"]

1. Nf3 c5 2. g3 Nc6 3. Bg2 g6 4. c4 Bg7 5. Nc3 e5 6. a3 a5 7. O-O Nge7 8. Ne1
O-O 9. Nc2 d6 10. Ne3 f5 11. Ned5 Rb8 12. d3 h6 13. f4 Nxd5 14. Nxd5 Ne7 15.
Rb1 b5 16. fxe5 dxe5 17. Be3 Qd6 18. Nxe7+ Qxe7 19. cxb5 f4 20. Qb3+ Be6 21.
Bd5 fxe3 22. Bxe6+ Kh7 23. Bd5 h5 24. Be4 h4 25. Kg2 Qd7 26. a4 Qg4 27. Rf3 Bh6
28. Rbf1 Bf4 29. h3 Qg5 30. g4 Qd8 31. Rc1 Qb6 32. Qd5 Rbc8 33. Qd7+ Kh8 34.
Bc6 Rfd8 35. Qe7 Rxc6 36. bxc6 Qxb2 37. Qxd8+ Kg7 38. Qe7+ Kg8 39. Re1 1-0

[Event "PRVA LIGA CENTRALNE SRBIJE 2014"]
[Site "Kraljevo"]
[Date "2014.09.14"]
[Round "3.4"]
[White "Cvetanovic, Uros"]
[Black "Bojkovic, Slobodan"]
[Result "1-0"]
[WhiteElo "2323"]
[BlackElo "2216"]
[PlyCount "63"]
[EventDate "2014.09.13"]

1. e4 c5 2. Nc3 a6 3. g3 Nc6 4. Bg2 g6 5. f4 Bg7 6. Nf3 d6 7. O-O e6 8. Ne2
Nge7 9. d3 O-O 10. c3 f5 11. exf5 Nxf5 12. g4 Nh4 13. Nxh4 Qxh4 14. Ng3 Kh8 15.
Ne4 Qe7 16. h3 Bd7 17. Qb3 b5 18. Bd2 Rab8 19. Rae1 d5 20. Ng5 c4 21. Qc2 cxd3
22. Qxd3 Qf6 23. a3 Rbe8 24. Be3 Rd8 25. Bb6 Rde8 26. Bc5 Rg8 27. Bf2 Bc8 28.
Bh4 Qf8 29. Bf2 h6 30. Qxg6 hxg5 31. fxg5 Bh6 32. Bd4+ 1-0

[Event "PRVA LIGA CENTRALNE SRBIJE 2014"]
[Site "Kraljevo"]
[Date "2014.09.14"]
[Round "3.4"]
[White "Necevski, Aleksandar"]
[Black "Brankovic, Dejan"]
[Result "1-0"]
[WhiteElo "2270"]
[BlackElo "2345"]
[PlyCount "67"]
[EventDate "2014.09.13"]

1. d4 Nf6 2. Nf3 g6 3. e3 Bg7 4. b3 O-O 5. Bb2 d6 6. Be2 a6 7. c4 c6 8. O-O b5
9. Nbd2 Bb7 10. Qc2 d5 11. Rac1 Nbd7 12. cxd5 Nxd5 13. Rfd1 Rc8 14. Ne4 N5f6
15. Nc5 Nxc5 16. dxc5 Qa5 17. a3 Rcd8 18. b4 Qc7 19. Be5 Qc8 20. h3 h6 21. Rd4
Qe6 22. Rcd1 Ra8 23. Qb2 a5 24. R1d2 axb4 25. axb4 Qc8 26. Bd1 Ra7 27. Bb3 Qf5
28. Rf4 Qc8 29. Rxf6 exf6 30. Bxf6 Bxf6 31. Qxf6 Qc7 32. Qxg6+ Kh8 33. Qxh6+
Kg8 34. Qg5+ 1-0

[Event "PRVA LIGA CENTRALNE SRBIJE 2014"]
[Site "Kraljevo"]
[Date "2014.09.14"]
[Round "3.4"]
[White "Djordjevic, Vuk"]
[Black "Perunovic, Ljubivoje"]
[Result "1-0"]
[WhiteElo "2265"]
[BlackElo "1915"]
[PlyCount "53"]
[EventDate "2014.09.13"]

1. e4 g6 2. d4 Bg7 3. Nf3 c6 4. Nc3 d5 5. h3 dxe4 6. Nxe4 Nf6 7. Nxf6+ exf6 8.
Bc4 O-O 9. O-O Qd6 10. Re1 Be6 11. Bxe6 fxe6 12. c3 Re8 13. Qb3 b5 14. a4 a6
15. axb5 cxb5 16. Bf4 Qd7 17. Bxb8 Raxb8 18. Rxa6 Kf7 19. Re3 Bf8 20. Re1 g5
21. Qc2 h6 22. Re3 Qb7 23. Qh7+ Bg7 24. Ne5+ fxe5 25. Rf3+ Qxf3 26. gxf3 exd4
27. Ra7+ 1-0

[Event "PRVA LIGA CENTRALNE SRBIJE 2014"]
[Site "Kraljevo"]
[Date "2014.09.14"]
[Round "3.5"]
[White "Iordachescu, Viorel"]
[Black "Zlatanovic, Boroljub"]
[Result "1-0"]
[WhiteElo "2603"]
[BlackElo "2402"]
[PlyCount "70"]
[EventDate "2014.09.13"]

1. e4 e6 2. d4 d5 3. Nc3 Bb4 4. e5 Bf8 5. Be3 b6 6. f4 Nh6 7. Qh5 Ba6 8. Bxa6
Nxa6 9. g4 Qd7 10. O-O-O O-O-O 11. f5 Ng8 12. Nge2 c6 13. Rhf1 f6 14. fxe6 Qxe6
15. Nf4 Qe8 16. Qh3 fxe5 17. dxe5 g5 18. Nh5 h6 19. e6 Bc5 20. Na4 Qxe6 21.
Nxc5 bxc5 22. Bd2 Qd7 23. Qa3 Kb7 24. Rf3 c4 25. b3 Rh7 26. Ba5 Rb8 27. bxc4
Qxg4 28. cxd5 Qxh5 29. Qd6 Qe8 30. dxc6+ Ka8 31. c7 Nxc7 32. Bxc7 Qe4 33. Ra3
Rb4 34. Qd8+ Kb7 35. Qb8+ Kc6 1-0

[Event "PRVA LIGA CENTRALNE SRBIJE 2014"]
[Site "Kraljevo"]
[Date "2014.09.14"]
[Round "3.5"]
[White "Pavlovic, Goran"]
[Black "Milanovic, Danilo"]
[Result "0-1"]
[WhiteElo "2389"]
[BlackElo "2481"]
[PlyCount "96"]
[EventDate "2014.09.13"]

1. d4 Nf6 2. c4 c5 3. d5 b5 4. cxb5 a6 5. bxa6 g6 6. Nc3 Bxa6 7. Nf3 Bg7 8. g3
d6 9. Bg2 Nbd7 10. Rb1 Nb6 11. b3 Bb7 12. Nh4 O-O 13. O-O Ne8 14. Bb2 Nc7 15.
a4 Bxc3 16. Bxc3 Nbxd5 17. Bd2 Rb8 18. e4 Nf6 19. Re1 Qd7 20. Bc3 Rfd8 21. b4
cxb4 22. Bxf6 exf6 23. Rxb4 Na6 24. Rd4 Nc5 25. Nf3 Qc7 26. Nd2 Bc6 27. Qc2 Ra8
28. Ra1 Rdb8 29. Bf1 Ra5 30. Qc3 Rba8 31. Rc4 Qe7 32. Qc2 Rxa4 33. Rcxa4 Rxa4
34. Rxa4 Bxa4 35. Qc4 Qe5 36. Qd5 Kg7 37. Bc4 Be8 38. Nf3 Qe7 39. Nd2 Qe5 40.
Nf3 Qxe4 41. Nd2 Qe1+ 42. Kg2 Qe7 43. Nf3 Bd7 44. Qd4 Bf5 45. Bd5 h6 46. Qe3
Qxe3 47. fxe3 Be4 48. Bc4 Nd7 0-1

[Event "PRVA LIGA CENTRALNE SRBIJE 2014"]
[Site "Kraljevo"]
[Date "2014.09.14"]
[Round "3.5"]
[White "Kostic, Vladimir G"]
[Black "Radovanovic, Nikola"]
[Result "0-1"]
[WhiteElo "2399"]
[BlackElo "2348"]
[PlyCount "99"]
[EventDate "2014.09.13"]

1. e4 d6 2. d4 Nf6 3. Nc3 e5 4. Nge2 Nbd7 5. f3 h5 6. Be3 Be7 7. Qd2 c6 8. a4
h4 9. a5 Nf8 10. b4 exd4 11. Nxd4 d5 12. e5 N6d7 13. Nf5 Ne6 14. Nxe7 Qxe7 15.
f4 Qxb4 16. f5 Nc7 17. Be2 Nxe5 18. O-O f6 19. Bd4 Qd6 20. Qe3 Kf7 21. Bxa7 Nd7
22. Bb6 Nxb6 23. axb6 Rxa1 24. Rxa1 Ne8 25. Qd4 Qe5 26. Qd2 Nd6 27. Re1 Qxf5
28. Bd3 Qg5 29. Qxg5 fxg5 30. Na4 Bf5 31. Nc5 Bxd3 32. cxd3 Re8 33. Ra1 Re7 34.
Ra8 g4 35. Kf2 Kf6 36. Rd8 Ke5 37. Ke3 Nf5+ 38. Kd2 Kd4 39. Nb3+ Ke5 40. Nc5 g3
41. hxg3 hxg3 42. Rb8 Nd6 43. Kc3 d4+ 44. Kb4 Rf7 45. Rg8 Rf2 46. Rxg7 Rxg2 47.
Rg6 Rb2+ 48. Ka3 Rc2 49. Kb4 g2 50. Rg7 0-1

[Event "PRVA LIGA CENTRALNE SRBIJE 2014"]
[Site "Kraljevo"]
[Date "2014.09.14"]
[Round "3.5"]
[White "Jovanovic, Bojan P"]
[Black "Bozic, Milan"]
[Result "0-1"]
[WhiteElo "2257"]
[BlackElo "2412"]
[PlyCount "74"]
[EventDate "2014.09.13"]

1. d4 d6 2. e4 c6 3. c4 e5 4. Ne2 Nf6 5. Nbc3 Be7 6. h3 O-O 7. Be3 Re8 8. d5 a5
9. g4 Nfd7 10. Ng3 Nc5 11. Qd2 a4 12. Nf5 Bf8 13. Be2 Nca6 14. h4 cxd5 15. cxd5
Bd7 16. h5 b5 17. f3 b4 18. Nd1 Qa5 19. Nxg7 Bxg7 20. g5 Nc7 21. g6 b3 22.
gxf7+ Kxf7 23. Nc3 a3 24. O-O Rg8 25. Kh1 Bh3 26. f4 Ke7 27. fxe5 Bxe5 28. Bg5+
Ke8 29. Qe3 axb2 30. Qf3 Bg2+ 31. Kxg2 Rxg5+ 32. Kh1 Kd8 33. Qf8+ Ne8 34. Bb5
Qxb5 35. Nxb5 bxa1=Q 36. Rxa1 Rxa2 37. h6 Rh2# 0-1

[Event "PRVA LIGA CENTRALNE SRBIJE 2014"]
[Site "Kraljevo"]
[Date "2014.09.14"]
[Round "3.5"]
[White "Popovic, Nenad"]
[Black "Radovic, Luka"]
[Result "0-1"]
[WhiteElo "2263"]
[BlackElo "2210"]
[PlyCount "76"]
[EventDate "2014.09.13"]

1. d4 Nf6 2. c4 c5 3. Nf3 e6 4. e3 cxd4 5. Nxd4 a6 6. Nd2 Be7 7. Bd3 O-O 8. Qc2
Qc7 9. b3 d6 10. Bb2 Nbd7 11. Rc1 b6 12. Qb1 Bb7 13. Rg1 Rfe8 14. g4 Nc5 15.
Bc2 e5 16. Nf5 Bf8 17. g5 Nfd7 18. h4 g6 19. Nh6+ Bxh6 20. gxh6 Nf8 21. h5 a5
22. Rg3 Qe7 23. hxg6 hxg6 24. Ke2 Kh7 25. Rcg1 Rad8 26. a3 Nce6 27. Nf3 Qf6 28.
Nh2 Qe7 29. Kf1 a4 30. Ng4 axb3 31. Bxg6+ fxg6 32. Nxe5 dxe5 33. Rxg6 Rd1+ 34.
Qxd1 Nxg6 35. Qd3 Qf7 36. Qxb3 Rd8 37. Bc3 Nc5 38. Qb1 Qxc4+ 0-1

[Event "PRVA LIGA CENTRALNE SRBIJE 2014"]
[Site "Kraljevo"]
[Date "2014.09.14"]
[Round "3.5"]
[White "Radovic, Janko"]
[Black "Komnenic, Branko"]
[Result "1-0"]
[WhiteElo "2125"]
[BlackElo "2255"]
[PlyCount "57"]
[EventDate "2014.09.13"]

1. e4 c6 2. d4 d5 3. exd5 cxd5 4. Bd3 Nc6 5. c3 Nf6 6. Bf4 g6 7. Nf3 Bg7 8. O-O
O-O 9. Re1 Bf5 10. Bxf5 gxf5 11. Ne5 Ne4 12. Nxc6 bxc6 13. Nd2 e6 14. Re3 Qh4
15. Nxe4 Qxf4 16. Nc5 Kh8 17. Rg3 Rad8 18. Nd3 Qh4 19. Qa4 f4 20. Rf3 Bh6 21.
Qxa7 Ra8 22. Qc7 f6 23. Nxf4 Rac8 24. Qd6 e5 25. Ne2 Bg7 26. Ng3 exd4 27. Nf5
Qg4 28. Nxd4 f5 29. Ne6 1-0

[Event "PRVA LIGA CENTRALNE SRBIJE 2014"]
[Site "Kraljevo"]
[Date "2014.09.14"]
[Round "3.6"]
[White "Petrovic, Tamara"]
[Black "Milanovic, Slavisa"]
[Result "0-1"]
[WhiteElo "1691"]
[BlackElo "2418"]
[PlyCount "116"]
[EventDate "2014.09.13"]

1. Nf3 c5 2. c4 Nf6 3. Nc3 e6 4. d4 cxd4 5. Nxd4 a6 6. e4 Qc7 7. Be3 Bb4 8. Qc2
Ng4 9. Qc1 Nc6 10. Nf3 O-O 11. Be2 Nce5 12. Nxe5 Nxe3 13. Qxe3 Qxe5 14. Rc1 d6
15. O-O Bc5 16. Qd3 Bd7 17. Qc2 Bc6 18. Bd3 Rac8 19. Qb1 a5 20. Bc2 g5 21. Rcd1
h5 22. Ba4 g4 23. Qd3 h4 24. Kh1 Kg7 25. Bxc6 Rxc6 26. Na4 Ba7 27. Qc3 Qxc3 28.
Nxc3 Rxc4 29. Rxd6 Bd4 30. b3 Rb4 31. Nd1 e5 32. Rd5 a4 33. bxa4 Rxa4 34. Rb5
b6 35. Ne3 Bxe3 36. fxe3 Rxe4 37. Rxb6 Rxe3 38. Rb4 f5 39. a4 Ra3 40. Rb5 Re8
41. Kg1 Kf6 42. Rb4 f4 43. Re4 Ra8 44. Rfe1 Ra5 45. Rb4 R3xa4 46. Rb6+ Kf5 47.
Rh6 e4 48. Rh5+ Kf6 49. Rxa5 Rxa5 50. Rxe4 Ra1+ 51. Kf2 Kf5 52. Rb4 g3+ 53.
hxg3 hxg3+ 54. Kf3 Rf1+ 55. Ke2 Rf2+ 56. Ke1 Rxg2 57. Kf1 Rc2 58. Rb3 Kg4 0-1

[Event "PRVA LIGA CENTRALNE SRBIJE 2014"]
[Site "Kraljevo"]
[Date "2014.09.14"]
[Round "3.6"]
[White "Lapcevic, Milos"]
[Black "Petrovic, Tijana"]
[Result "1-0"]
[WhiteElo "2377"]
[BlackElo "1740"]
[PlyCount "149"]
[EventDate "2014.09.13"]

1. d4 Nf6 2. c4 e6 3. Nc3 Bb4 4. Qc2 c5 5. dxc5 Bxc5 6. Nf3 O-O 7. Bg5 Be7 8.
Rd1 d6 9. e4 Nbd7 10. Be2 Qc7 11. Nb5 Qb8 12. Bf4 Ne8 13. O-O a6 14. Nc3 b6 15.
Rd2 Bb7 16. Rfd1 Bc6 17. b4 Ne5 18. Nd4 Qc7 19. Nb3 Rc8 20. c5 bxc5 21. Bxa6
Ra8 22. Bxe5 dxe5 23. b5 c4 24. Nc1 Bg5 25. Re2 Bd7 26. a4 Nf6 27. Ree1 Rfd8
28. N1e2 Be8 29. h3 Nd7 30. Qa2 Nc5 31. Rxd8 Bxd8 32. Rb1 Nxa6 33. bxa6 Rxa6
34. Rb4 Rc6 35. Qb2 Rb6 36. g3 Qd6 37. Nb5 Qd1+ 38. Kg2 Qd3 39. Nbc3 Rxb4 40.
Qxb4 Bc6 41. f3 Qe3 42. Qd6 Qb6 43. h4 Bc7 44. Qe7 Bd8 45. Qd6 Qc7 46. Qc5 Bb7
47. Qb5 Qc6 48. Qxe5 Bc7 49. Qb5 Qxb5 50. Nxb5 Bb6 51. Nec3 Kf8 52. Kf1 Ke7 53.
Ke2 Kd7 54. Na3 Ba5 55. Ncb5 c3 56. Kd3 Ba6 57. Kc2 Bb4 58. Nc4 Bxb5 59. axb5
f6 60. h5 g6 61. hxg6 hxg6 62. Kb3 c2 63. Kxc2 Be1 64. g4 Bg3 65. Kd3 g5 66.
Nb2 Kd6 67. Kc4 Kc7 68. Nd3 Bd6 69. Nc5 e5 70. Kd5 Be7 71. Nd3 Kd7 72. b6 Kc8
73. Kc6 Bd8 74. b7+ Kb8 75. Nc5 1-0

[Event "PRVA LIGA CENTRALNE SRBIJE 2014"]
[Site "Kraljevo"]
[Date "2014.09.14"]
[Round "3.6"]
[White "Djukic, Slobodan D"]
[Black "Blesic, Vaso"]
[Result "1/2-1/2"]
[WhiteElo "2195"]
[BlackElo "2366"]
[PlyCount "78"]
[EventDate "2014.09.13"]

1. e4 c5 2. Nf3 g6 3. d4 cxd4 4. Nxd4 Nc6 5. Be3 Nf6 6. Nc3 Bg7 7. Bc4 O-O 8.
Bb3 a5 9. a4 d6 10. h3 Bd7 11. O-O Nxd4 12. Bxd4 Bc6 13. Qd3 Nd7 14. Bxg7 Kxg7
15. Qd4+ f6 16. Bd5 Qb6 17. Qxb6 Nxb6 18. Bxc6 bxc6 19. b3 f5 20. f3 f4 21.
Rfd1 g5 22. Ne2 c5 23. Nc3 Nd7 24. Nd5 Kf7 25. h4 h6 26. hxg5 hxg5 27. Kf2 Ne5
28. Rh1 Rh8 29. g3 fxg3+ 30. Kxg3 Raf8 31. Ne3 Ke6 32. Nf5 Kd7 33. Rxh8 Rxh8
34. Ne3 e6 35. Rf1 Kc6 36. Ng4 Ng6 37. Ne3 Ne5 38. Ng4 Nd7 39. Ne3 Ne5 1/2-1/2